000 00431pab a2200157 454500
008 180718b2017 xxu||||| |||| 00| 0 eng d
100 _aFagertun, Anette
245 _aLocalising globalisation: gendered transformations of work in emergent economies
260 _c2017
300 _ap.311-315.
362 _aMar
650 _aGlobalization
650 _aLabour
773 _aJournal of Development Studies
909 _a114319
999 _c114313
_d114313